MESTSKÁ KNIŽNICA GIRALTOVCE  - online katalóg 

Sprievodca dielami slovenskej a svetovej literatúry (Record no. 23923)

000 -NÁVESTIE
fixed length control field 01542cam a2200445 a 4500
001 - EVIDENČNÉ ČÍSLO ZÁZNAMU - Kontrolné číslo
control field vtls001330485
005 - DÁTUM A ČAS POSLEDNEJ TRANSAKCIE
control field 20250924105407.0
008 - ÚDAJE S PEVNOU DĹŽKOU – VŠEOBECNÉ INFORMÁCIE
fixed length control field 240709s1998 xo gr 000 0 slo
020 ## - MEDZINÁRODNÉ ŠTANDARDNÉ ČÍSLO KNIHY (ISBN)
Medzinárodné štandardné číslo knihy (ISBN) 8085471523
035 ## - Iný štandardný identifikátor
Iný štandardný identifikátor SNK000283349
035 ## - Iný štandardný identifikátor
Iný štandardný identifikátor urn:nbn:sk:snk-amk5b8
035 ## - Iný štandardný identifikátor
Iný štandardný identifikátor urn:nbn:sk:snk-am00504w
035 ## - Iný štandardný identifikátor
Iný štandardný identifikátor 5CC97D29-FE60-4A29-A3ED-3671D33C78D7
040 ## - ZDROJ KATALOGIZÁCIE
Pôvodná katalogizujúca agentúra SNK
Jazyk katalogizácie slo
Prepisujúca agentúra SNK
Konvencie popisu AACR2
041 0# - KÓD JAZYKA
Kód jazyka textu/zvukovej stopy alebo samostatných nápisov slo
044 ## - KÓD KRAJINY VYDAVATEĽA/PRODUCENTA
Kód krajiny MARC xo
Kód krajiny ISO SK
072 #7 - KÓD PREDMETOVEJ KATEGÓRIE
Kód predmetovej kategórie 821.162.4.09
Pododdiel kódu predmetovej kategórie Slovenská literatúra (o nej)
Zdroj konspekt
072 #7 - KÓD PREDMETOVEJ KATEGÓRIE
Kód predmetovej kategórie 821.09
Pododdiel kódu predmetovej kategórie Literatúra v rôznych jazykoch (o nej)
Zdroj konspekt
080 ## - ČÍSLO MEDZINÁRODNÉHO DESATINNÉHO TRIEDENIA (MDT)
Číslo Medzinárodného desatinného triedenia (MDT) 820/899 (100)-3"1945/-"
Identifikátor vydania 1981
080 ## - ČÍSLO MEDZINÁRODNÉHO DESATINNÉHO TRIEDENIA (MDT)
Číslo Medzinárodného desatinného triedenia (MDT) 821(100)
Identifikátor vydania 2011
080 ## - ČÍSLO MEDZINÁRODNÉHO DESATINNÉHO TRIEDENIA (MDT)
Číslo Medzinárodného desatinného triedenia (MDT) 821.162.4
Identifikátor vydania 2011
080 ## - ČÍSLO MEDZINÁRODNÉHO DESATINNÉHO TRIEDENIA (MDT)
Číslo Medzinárodného desatinného triedenia (MDT) 82.02/.09
Identifikátor vydania 2011
080 ## - ČÍSLO MEDZINÁRODNÉHO DESATINNÉHO TRIEDENIA (MDT)
Číslo Medzinárodného desatinného triedenia (MDT) 82.09
Identifikátor vydania 2011
080 ## - ČÍSLO MEDZINÁRODNÉHO DESATINNÉHO TRIEDENIA (MDT)
Číslo Medzinárodného desatinného triedenia (MDT) (082.21)
Identifikátor vydania 2011
080 ## - ČÍSLO MEDZINÁRODNÉHO DESATINNÉHO TRIEDENIA (MDT)
Číslo Medzinárodného desatinného triedenia (MDT) (048.8)
Identifikátor vydania 2011
100 1# - OSOBNÉ MENÁ – VŠEOBECNÉ INFORMÁCIE
Osobné meno Caltíková, Milada
Kód roly aut
-- 1412
245 10 - NÁZOV
Názov Sprievodca dielami slovenskej a svetovej literatúry
Číslo časti diela Výber 3
Názov časti diela (Svetová literatúra po roku 1945)
Údaj o zodpovednosti atď. Milada Caltíková
246 30 - INÁ FORMA NÁZVU
Hlavný názov/skrátený názov Svetová literatúra po roku 1945
260 ## - VYDAVATEĽSKÉ ÚDAJE, DISTRIBÚCIA ATĎ.
Miesto publikovania, distribúcie atď. Nitra
Názov vydavateľa, distibútora atď. Enigma
Dátum publikovania, distribúcie atď. 1998
300 ## - FYZICKÝ POPIS
Rozsah 230 s.
Rozmery 21 cm
648 #7 - PRIDANÝ VSTUP – PREDMET – CHRONOLOGICKÝ TERMÍN
Chronologický termín po 1945
Zdroj hesla alebo termínu SNKPH
-- 4804
650 07 - PRIDANÝ VSTUP – PREDMET – TEMATICKÉ HESLO
Tematické heslo alebo geografický názov ako vstupný prvok svetová literatúra
Zdroj hesla alebo termínu SNKPH
-- 1654
650 07 - PRIDANÝ VSTUP – PREDMET – TEMATICKÉ HESLO
Tematické heslo alebo geografický názov ako vstupný prvok slovenská literatúra
Zdroj hesla alebo termínu SNKPH
-- 2297
650 07 - PRIDANÝ VSTUP – PREDMET – TEMATICKÉ HESLO
Tematické heslo alebo geografický názov ako vstupný prvok interpretácia a prijatie literárneho diela
Zdroj hesla alebo termínu SNKPH
-- 3149
650 07 - PRIDANÝ VSTUP – PREDMET – TEMATICKÉ HESLO
Tematické heslo alebo geografický názov ako vstupný prvok literárnovedné rozbory
Zdroj hesla alebo termínu SNKPH
-- 3150
655 #7 - INDEXAČNÝ TERMÍN – ŽÁNER/FORMA
Údaje o žánri/forme alebo termín, ktorý je prvok fazety prehľady
Zdroj termínu SNKPH
-- 2711
655 #7 - INDEXAČNÝ TERMÍN – ŽÁNER/FORMA
Údaje o žánri/forme alebo termín, ktorý je prvok fazety výbery
Zdroj termínu SNKPH
-- 2003
Holdings
Stav stiahnutia (Blokovanie) (Withrawn status) Stav straty Zdroj klasifikácie pre skladovanie Stav poškodenia (Damaged status) Nie pre výpožičky (Not for loan) Spôsob nadobudnutia (Collection code) Trvalé umiestnenie Aktuálne umiestnenie Dátum nadobudnutia Inventárne číslo (prírastkové číslo) Full call number Čiarový kód Dátum posledného výskytu Cena s účinnosťou od Typ jednotky Koha
          Dar Mestská knižnica Giraltovce Mestská knižnica Giraltovce 2025-09-24 22279 S1577 S1577 2025-09-24 2025-09-24 Odborná literatúra pre dospelých

Powered by Koha